Koleksi cerita Sang Kancil

Bibliographic Details
Format: Book
Published: Petaling Jaya : Tioman Books , 1993
Subjects:

MARC

LEADER 00000cam a2200000 7i4500
001 0000001203
002 000001327
005 .0
020 |a 9839817086 
090 0 0 |a JF   |b KOL 
245 0 0 |a Koleksi cerita Sang Kancil   |c diceritakan semula oleh Johnny Ong dan Sulaiman Zakaria ; illustrasi oleh Edwin Tan 
260 |a Petaling Jaya :   |b Tioman Books ,   |c 1993 
300 |a 24p. :   |b ill. ;   |c 28cm. 
650 0 0 |a Folklore 
999 |a 032552   |b BUKU   |c PINJAMAN   |e PERPUSTAKAAN KOMUNITI PETALING JAYA 
999 |a 032553   |b BUKU   |c PINJAMAN   |e PERPUSTAKAAN KOMUNITI PETALING JAYA 
999 |a 032554   |b BUKU   |c PINJAMAN   |e PERPUSTAKAAN KOMUNITI PETALING JAYA